01110 a2200181 45000010006000000050017000060080041000230030015000640400040000790800104001192450027002230200022002502640038002723000025003105050448003351000027007838560118008102729320260407155549.0260407a2007 arg spa dAR-UNSa-BCEJYS aAR-UNSa-BCEJYSbspacAR-UNSa-BCEJYS a347.736xQuiebra. Insolvencia. Suspensión de pagos. Bancarrota, procedimientos. Derecho Concursal10aInsolvencia societaria a978-987-592-279-2 1aBuenos Aires :bLexis Nexisc2007 axxii, 313 p.c22 cm. a1. Afrontar la crisis - 2. Afrontar la crisis a través del derecho - 3. La funcionalidad societaria - 4. La conservación de la empresa - 5. El bien jurídico tutelado por el derecho concursal - 6. La funcionalidad societaria - 7. Aspectos societarios de la crisis económica - 8. Pedido de quiebra vs. ejecución individual - 9. La solución concursal - 10. La gestación del acuerdo - 11. Responsabilidad -- 12. Apreciaciones finales1 aRichard, Efraín Hugo41uhttps://biblioeco.unsa.edu.ar/pmb/images/libros/Insolvencia Societaria-l119720.jpgyImagen de portadaqimage/jpeg